| 000 | 00462nam a22001697a 4500 | ||
|---|---|---|---|
| 005 | 20250419101020.0 | ||
| 008 | 250419b |||||||| |||| 00| 0 eng d | ||
| 020 | _a9789357026826 | ||
| 040 |
_aSDCL _cSDCL |
||
| 041 |
_2eng _aeng |
||
| 084 | _aV2y7N35 R3 LR | ||
| 100 |
_aMukherjee, Sharmistha _9752455 |
||
| 245 |
_aPranab my father : _bA daughter remembers |
||
| 260 |
_aNew Delhi : _bRupa Publications, _c2023. |
||
| 300 | _axi,379p. | ||
| 942 |
_2CC _cGB _n0 |
||
| 999 |
_c1309174 _d1309174 |
||